[Event "interzonal (w)"]
[Site "Tbilisi URS"]
[Date "1976.??.??"]
[Round "1"]
[White "Baumstark, Gertrude"]
[Black "Vujosevic, Smilja"]
[Result "1-0"]
[WhiteElo "2210"]
[BlackElo "2120"]
[EventDate "1976.12.??"]
[PlyCount "75"]

1.e4 c5 2.Nf3 e6 3.d4 cxd4 4.Nxd4 Nf6 5.Nc3 Nc6 6.Ndb5 Bb4 7.a3 Bxc3+ 8.
Nxc3 d5 9.exd5 Nxd5 10.Bd2 O-O 11.Bd3 Ne5 12.Bxh7+ Kxh7 13.Qh5+ Kg8 14.
Qxe5 b6 15.O-O-O Bb7 16.h4 Qe7 17.Nxd5 Bxd5 18.Bb4 Qb7 19.Bxf8 Rxf8 20.Rd3
f6 21.Qg3 Be4 22.Rc3 Rc8 23.h5 Rxc3 24.Qxc3 Qd5 25.f3 Bf5 26.Rd1 Qb5 27.g4
Bxg4 28.fxg4 Qg5+ 29.Kb1 Qxg4 30.Rd8+ Kh7 31.Qc8 Kh6 32.Rh8+ Kg5 33.h6 
Qd1+ 34.Ka2 gxh6 35.Qxe6 Qd4 36.Rg8+ Kh4 37.Qe1+ Kh5 38.Qe2+ 1-0

[Event "interzonal (w)"]
[Site "Tbilisi URS"]
[Date "1976.??.??"]
[Round "1"]
[White "Ivanka, Maria"]
[Black "Kozlovskaya, Valentina"]
[Result "0-1"]
[WhiteElo "2320"]
[BlackElo "2295"]
[EventDate "1976.12.??"]
[PlyCount "48"]

1.Nf3 c5 2.g3 Nc6 3.Bg2 g6 4.O-O Bg7 5.c3 e5 6.e4 Nge7 7.Re1 O-O 8.Na3 d6 
9.d3 Rb8 10.Nc2 b5 11.Be3 b4 12.Qd2 bxc3 13.bxc3 Qa5 14.c4 Qa4 15.Rec1 Bd7
16.Qc3 Nd4 17.Kf1 Rb6 18.Nd2 Rfb8 19.Nb3 Ne6 20.Bd2 Nd4 21.Ne3 h5 22.Nc2 
Nec6 23.Ncxd4 Nxd4 24.Be3 Nc6 0-1

[Event "interzonal (w)"]
[Site "Tbilisi URS"]
[Date "1976.??.??"]
[Round "1"]
[White "Savereide, Diane"]
[Black "Kellner, Narelle"]
[Result "0-1"]
[WhiteElo "2165"]
[BlackElo "2000"]
[EventDate "1976.12.??"]
[PlyCount "92"]

1.e4 e6 2.d4 d5 3.Nd2 Nf6 4.e5 Nfd7 5.Bd3 c5 6.c3 Nc6 7.Ne2 Qb6 8.Nf3 cxd4
9.cxd4 Bb4+ 10.Bd2 Bxd2+ 11.Qxd2 Qb4 12.Rc1 Qxd2+ 13.Kxd2 f6 14.Bb5 Ndb8 
15.exf6 gxf6 16.Rhe1 Bd7 17.Nf4 Kf7 18.Re3 Na6 19.Rb3 Nc7 20.Bxc6 bxc6 21.
Rb7 Rhc8 22.Nd3 a5 23.Rc3 Ke7 24.Nc5 Kd6 25.Ne1 Rg8 26.Rh3 Rg7 27.Rh6 Rf7 
28.a4 Bc8 29.Rb6 Na6 30.Ned3 Nxc5 31.Nxc5 e5 32.Kc3 Raa7 33.Rb8 Kc7 34.Rb3
Kd6 35.Rb8 Kc7 36.Rb3 Kd6 37.f3 exd4+ 38.Kxd4 Rae7 39.Rb8 Bf5 40.b4 axb4 
41.a5 Re2 42.a6 Rd2+ 43.Ke3 Ra2 44.Rb7 Kxc5 45.Rxf7 Rxa6 46.Rfxf6 Rb6 0-1

[Event "interzonal (w)"]
[Site "Tbilisi URS"]
[Date "1976.??.??"]
[Round "2"]
[White "Baumstark, Gertrude"]
[Black "Hofmann, Brigitte"]
[Result "1/2-1/2"]
[WhiteElo "2210"]
[BlackElo "2000"]
[EventDate "1976.12.??"]
[PlyCount "75"]

1.e4 c5 2.Nf3 d6 3.d4 cxd4 4.Nxd4 Nf6 5.Nc3 a6 6.Be2 e5 7.Nb3 Be7 8.O-O 
O-O 9.Be3 Qc7 10.a4 b6 11.Qd2 Bb7 12.f3 Nbd7 13.Rfd1 Rfd8 14.Qe1 Nc5 15.
Nxc5 dxc5 16.Bc4 Bc6 17.b3 Rxd1 18.Rxd1 Qb7 19.Qe2 Ne8 20.Bd5 Bf8 21.Qc4 
Nd6 22.Bxc6 Qxc6 23.Qd5 Qe8 24.a5 bxa5 25.Bxc5 Nb5 26.Nxb5 Bxc5+ 27.Qxc5 
axb5 28.c4 bxc4 29.Qxc4 h6 30.Rd5 a4 31.bxa4 Rxa4 32.Qc7 Ra1+ 33.Kf2 Qe6 
34.Rd6 Qa2+ 35.Kg3 Rg1 36.Qd8+ Kh7 37.Rd2 Qe6 38.Qd6 1/2-1/2

[Event "interzonal (w)"]
[Site "Tbilisi URS"]
[Date "1976.??.??"]
[Round "2"]
[White "Kellner, Narelle"]
[Black "Ivanka, Maria"]
[Result "0-1"]
[WhiteElo "2000"]
[BlackElo "2320"]
[EventDate "1976.12.??"]
[PlyCount "80"]

1.e4 c5 2.Nf3 e6 3.d4 cxd4 4.Nxd4 a6 5.Be2 Nf6 6.Bf3 Qc7 7.Nc3 Bb4 8.O-O 
Nc6 9.Nxc6 dxc6 10.Be3 O-O 11.Na4 Nd7 12.Qe2 Qa5 13.Nc3 Bxc3 14.bxc3 Qxc3 
15.Rad1 c5 16.Rd3 Qa5 17.Rfd1 Ne5 18.Rd6 b6 19.Bh5 Bb7 20.f4 Nc6 21.Qg4 
Qc3 22.Bf2 Nd4 23.Bxd4 cxd4 24.R6xd4 Qe3+ 25.Kh1 Bxe4 26.Qe2 Qxe2 27.Bxe2 
Bxc2 28.Rc1 Bg6 29.Rcd1 h6 30.h4 b5 31.h5 Bf5 32.g4 Bc2 33.Rc1 Rac8 34.Kh2
Ba4 35.Rxc8 Rxc8 36.Kg3 Kf8 37.Rd6 Rc3+ 38.Kf2 Rc2 39.a3 Ra2 40.Rxa6 Bd1 
0-1

[Event "interzonal (w)"]
[Site "Tbilisi URS"]
[Date "1976.??.??"]
[Round "2"]
[White "Kozlovskaya, Valentina"]
[Black "Litinskaya, Marta"]
[Result "1-0"]
[WhiteElo "2295"]
[BlackElo "2290"]
[EventDate "1976.12.??"]
[PlyCount "63"]

1.d4 Nf6 2.c4 g6 3.Nc3 d5 4.Nf3 Bg7 5.e3 O-O 6.Qb3 c6 7.Bd2 e6 8.Be2 Nbd7 
9.O-O b6 10.Rfd1 Bb7 11.Rac1 c5 12.cxd5 Nxd5 13.dxc5 Nxc5 14.Qa3 a5 15.Be1
Qb8 16.Nxd5 Bxd5 17.Bc3 Bxc3 18.Qxc3 Bxa2 19.Ne5 Bd5 20.Ng4 f6 21.Nxf6+ 
Rxf6 22.Qxf6 Ra7 23.Qh4 Qf8 24.Bf3 g5 25.Qg3 Bb3 26.Rd4 Qe7 27.Qb8+ Kg7 
28.Qxb6 e5 29.Rd6 Ne6 30.Rdc6 Rb7 31.Rxe6 Bxe6 32.Qxb7 1-0

[Event "interzonal (w)"]
[Site "Tbilisi URS"]
[Date "1976.??.??"]
[Round "2"]
[White "Vujosevic, Smilja"]
[Black "Fatalibekova, Elena"]
[Result "0-1"]
[WhiteElo "2120"]
[BlackElo "2285"]
[EventDate "1976.12.??"]
[PlyCount "64"]

1.e4 c5 2.Nc3 e6 3.g3 d5 4.d3 d4 5.Nce2 e5 6.Bg2 Nc6 7.Nh3 h5 8.f3 h4 9.g4
Bd6 10.Nf2 Qc7 11.h3 Nge7 12.c3 Be6 13.Bd2 O-O 14.Bg5 Ng6 15.Qc1 Rac8 16.
O-O b5 17.a4 bxa4 18.Rxa4 Bb3 19.Ra1 Qb8 20.Bd2 c4 21.Qe1 cxd3 22.Nxd3 Bc4
23.Nec1 Qb5 24.Qe2 Bc5 25.Kh1 dxc3 26.bxc3 Rfd8 27.Be3 Bxe3 28.Qxe3 Bxd3 
29.Re1 Nf4 30.Na2 Qb2 31.Qg1 Bc4 32.Reb1 Qxg2+ 0-1

[Event "interzonal (w)"]
[Site "Tbilisi URS"]
[Date "1976.??.??"]
[Round "3"]
[White "Ivanka, Maria"]
[Black "Feustel, Petra"]
[Result "1-0"]
[WhiteElo "2320"]
[BlackElo "2105"]
[EventDate "1976.12.??"]
[PlyCount "69"]

1.Nf3 c5 2.e4 d6 3.d4 cxd4 4.Nxd4 Nf6 5.Nc3 Nc6 6.Be3 e6 7.Be2 Be7 8.O-O 
a6 9.f4 Qc7 10.a4 O-O 11.Nb3 b6 12.Bf3 Bb7 13.Qe1 Nb4 14.Qf2 Nd7 15.g4 Nc5
16.Nd4 Rfe8 17.g5 d5 18.e5 Ne4 19.Bxe4 dxe4 20.Nb3 b5 21.axb5 axb5 22.Nd4 
Bc6 23.Rxa8 Rxa8 24.f5 Qxe5 25.fxe6 f6 26.Nf5 Qxe6 27.Nxe7+ Qxe7 28.Bc5 
Qe5 29.Bxb4 e3 30.Qg3 Qd4 31.Qf4 Qd2 32.Ne4 Qxc2 33.gxf6 gxf6 34.Qg3+ Kh8 
35.Bc3 1-0

[Event "interzonal (w)"]
[Site "Tbilisi URS"]
[Date "1976.??.??"]
[Round "3"]
[White "Litinskaya, Marta"]
[Black "Kellner, Narelle"]
[Result "1-0"]
[WhiteElo "2290"]
[BlackElo "2000"]
[EventDate "1976.12.??"]
[PlyCount "73"]

1.c4 c5 2.Nc3 Nc6 3.Nf3 e6 4.g3 g6 5.d4 cxd4 6.Nxd4 Nxd4 7.Qxd4 Qf6 8.Qd3 
Bb4 9.Bg2 Ne7 10.O-O Bxc3 11.bxc3 O-O 12.Ba3 Re8 13.c5 Nc6 14.Rab1 Rb8 15.
c4 Qd4 16.Qc2 Ne5 17.Rbc1 Ng4 18.e3 Nxe3 19.fxe3 Qxe3+ 20.Qf2 Qxf2+ 21.
Rxf2 b6 22.cxb6 Rxb6 23.Bc5 Ra6 24.Rd1 Ra4 25.Bf1 e5 26.Rd6 f5 27.a3 e4 
28.Rb2 Kf7 29.Be2 Re6 30.Rb8 Rxd6 31.Bxd6 Ba6 32.Bb4 d5 33.Bd1 Rxb4 34.
Rxb4 Bxc4 35.Kf2 Kf6 36.Be2 Ba2 37.Rb2 1-0

[Event "interzonal (w)"]
[Site "Tbilisi URS"]
[Date "1976.??.??"]
[Round "3"]
[White "Savereide, Diane"]
[Black "Baumstark, Gertrude"]
[Result "0-1"]
[WhiteElo "2165"]
[BlackElo "2210"]
[EventDate "1976.12.??"]
[PlyCount "112"]

1.e4 c5 2.Nf3 Nc6 3.d4 cxd4 4.Nxd4 Qc7 5.Nb5 Qb8 6.c4 Nf6 7.N5c3 e6 8.f4 
d6 9.Be2 Be7 10.O-O O-O 11.Be3 b6 12.Bf3 Bb7 13.Na3 Rc8 14.Qe2 Na5 15.Rab1
d5 16.exd5 Bxa3 17.bxa3 Rxc4 18.Qd2 exd5 19.Nxd5 Nxd5 20.Bxd5 Bxd5 21.Qxd5
Qe8 22.Rfe1 Qe4 23.Rbd1 Qxd5 24.Rxd5 Rc2 25.Red1 h6 26.Rd8+ Rxd8 27.Rxd8+ 
Kh7 28.Rd7 Nc4 29.Re7 Nxe3 30.Rxe3 Rxa2 31.h3 Kg6 32.Kh2 h5 33.Kg3 Kf6 34.
Kf3 h4 35.g3 hxg3 36.Kxg3 Kf5 37.Re5+ Kf6 38.Re3 Rb2 39.Kf3 a5 40.Ke4 a4 
41.Rc3 Kg6 42.Rc7 f6 43.Rb7 Rb3 44.h4 Rxa3 45.Rxb6 Rg3 46.Ra6 a3 47.Ra8 
f5+ 48.Kd4 Rf3 49.Ra6+ Kh5 50.Ke5 g6 51.Ra8 Kxh4 52.Rh8+ Kg4 53.Rg8 Re3+ 
54.Kf6 Kxf4 55.Rxg6 Rb3 56.Kg7 Rg3 0-1

[Event "interzonal (w)"]
[Site "Tbilisi URS"]
[Date "1976.??.??"]
[Round "3"]
[White "Zatulovskaya, Tatiana"]
[Black "Kozlovskaya, Valentina"]
[Result "1/2-1/2"]
[WhiteElo "2240"]
[BlackElo "2295"]
[EventDate "1976.12.??"]
[PlyCount "103"]

1.e4 c5 2.Nf3 Nc6 3.d4 cxd4 4.Nxd4 Nf6 5.Nc3 d6 6.g3 e6 7.Bg2 Bd7 8.O-O 
Be7 9.Nb3 O-O 10.Qe2 a6 11.f4 Qc7 12.Be3 b5 13.a3 Rac8 14.g4 Rfd8 15.g5 
Ne8 16.Rad1 Bf8 17.Qf2 Rb8 18.Qh4 Ne7 19.Rf3 g6 20.Rh3 h5 21.gxh6 Kh7 22.
Rf1 b4 23.axb4 Rxb4 24.Rg3 Bc8 25.Bh3 d5 26.exd5 Nxd5 27.Nxd5 Rxd5 28.Rg2 
Rh5 29.Qg3 Nf6 30.Nd2 Ne4 31.Nxe4 Rxe4 32.Re2 Bc5 33.Bg4 Rxh6 34.Bxc5 
Qxc5+ 35.Qf2 Qxf2+ 36.Rfxf2 Rxe2 37.Bxe2 Kg7 38.Bd3 Bb7 39.Kf1 Kf6 40.Ke2 
Rh3 41.b4 Ke7 42.Kd2 f5 43.c3 Kf6 44.Bf1 Rh4 45.Ke1 g5 46.fxg5+ Kxg5 47.
Ra2 e5 48.h3 e4 49.Rg2+ Kf6 50.Ra2 Ke5 51.Ra5+ Kf4 52.c4 1/2-1/2

[Event "interzonal (w)"]
[Site "Tbilisi URS"]
[Date "1976.??.??"]
[Round "4"]
[White "Baumstark, Gertrude"]
[Black "Ivanka, Maria"]
[Result "1/2-1/2"]
[WhiteElo "2210"]
[BlackElo "2320"]
[EventDate "1976.12.??"]
[PlyCount "81"]

1.e4 g6 2.d4 Bg7 3.Nf3 d6 4.Nc3 c6 5.a4 Nf6 6.Be2 Qc7 7.O-O e5 8.dxe5 dxe5
9.Be3 O-O 10.h3 Nh5 11.Bc4 Nf4 12.Bc5 Rd8 13.Qb1 b5 14.Bb3 Na6 15.Be3 b4 
16.Na2 Be6 17.Bxe6 Nxe6 18.c3 c5 19.Qc2 Qb7 20.Qe2 Nf4 21.Bxf4 exf4 22.Qc4
Re8 23.Rfe1 Rad8 24.e5 Re6 25.Qxf4 bxc3 26.bxc3 Qc7 27.Qc4 Nb8 28.Nb4 Bxe5
29.Nd3 Nd7 30.Nfxe5 Nxe5 31.Qxc5 Qxc5 32.Nxc5 Ree8 33.Rad1 Rxd1 34.Rxd1 
Rc8 35.Rd5 Nc4 36.Ne4 Nb6 37.Rc5 Rxc5 38.Nxc5 Nd5 39.Ne4 f5 40.c4 Nb6 41.
Nc3 1/2-1/2

[Event "interzonal (w)"]
[Site "Tbilisi URS"]
[Date "1976.??.??"]
[Round "4"]
[White "Hofmann, Brigitte"]
[Black "Savereide, Diane"]
[Result "1/2-1/2"]
[WhiteElo "2000"]
[BlackElo "2165"]
[EventDate "1976.12.??"]
[PlyCount "114"]

1.e4 c5 2.Nf3 e6 3.d4 cxd4 4.Nxd4 Nf6 5.Nc3 d6 6.Be2 Be7 7.Be3 O-O 8.O-O 
Nc6 9.f4 Bd7 10.Qe1 Nxd4 11.Bxd4 Bc6 12.Bd3 Nd7 13.Qg3 e5 14.Be3 exf4 15.
Bxf4 Ne5 16.Kh1 Qc7 17.Nd5 Bxd5 18.exd5 g6 19.c4 Bf6 20.Bh6 Bg7 21.Bxg7 
Kxg7 22.Rac1 Qc5 23.Rfd1 Rfc8 24.Be2 b5 25.b3 Qa3 26.Rc2 bxc4 27.Bxc4 Nxc4
28.bxc4 Qxg3 29.hxg3 Rab8 30.Kg1 Rc5 31.Kf2 Rb4 32.Rd4 Ra5 33.Rd3 Rc5 34.
Rd4 Ra4 35.Ke2 Rca5 36.Rdd2 Kf6 37.Ke1 Rc5 38.Rf2+ Kg7 39.Rf4 g5 40.Rd4 
Rca5 41.Rdd2 Rc5 42.Rd4 h5 43.Kf1 Kf6 44.Rf2+ Kg6 45.Rc2 Ra3 46.Kf2 Kf5 
47.Rdd2 Ra4 48.Rd4 Ke5 49.Ke3 Ra3+ 50.Rd3 Rca5 51.Re2 Kf6 52.Rd2 g4 53.
Rf2+ Kg6 54.Rd2 Kf6 55.Rf2+ Kg6 56.Rd2 Rxd3+ 57.Kxd3 Kf6 1/2-1/2

[Event "interzonal (w)"]
[Site "Tbilisi URS"]
[Date "1976.??.??"]
[Round "4"]
[White "Feustel, Petra"]
[Black "Litinskaya, Marta"]
[Result "1/2-1/2"]
[WhiteElo "2105"]
[BlackElo "2290"]
[EventDate "1976.12.??"]
[PlyCount "68"]

1.e4 c5 2.Nf3 e6 3.d4 cxd4 4.Nxd4 Nf6 5.Nc3 d6 6.Be2 a6 7.f4 Qc7 8.a4 Nc6 
9.Be3 Be7 10.Nb3 b6 11.Bf3 Bb7 12.O-O O-O 13.Qe1 Na5 14.Nxa5 bxa5 15.Qg3 
Rfd8 16.Rad1 Bc6 17.e5 Ne8 18.f5 dxe5 19.fxe6 fxe6 20.Bxc6 Qxc6 21.Qxe5 
Nf6 22.Kh1 Rab8 23.Rxd8+ Rxd8 24.h3 Nd5 25.Nxd5 Rxd5 26.Qe4 Bf6 27.b3 Qd6 
28.Bf4 Qd7 29.Re1 Rd4 30.Qa8+ Kf7 31.Qf3 Kg8 32.Qa8+ Kf7 33.Qf3 Kg8 34.
Qa8+ Kf7 1/2-1/2

[Event "interzonal (w)"]
[Site "Tbilisi URS"]
[Date "1976.??.??"]
[Round "4"]
[White "Kellner, Narelle"]
[Black "Zatulovskaya, Tatiana"]
[Result "0-1"]
[WhiteElo "2000"]
[BlackElo "2240"]
[EventDate "1976.12.??"]
[PlyCount "108"]

1.e4 g6 2.d4 Bg7 3.Nc3 c6 4.Nf3 d5 5.exd5 cxd5 6.Bb5+ Nc6 7.Ne5 Bd7 8.Nxd7
Qxd7 9.O-O e6 10.Bf4 Nge7 11.Qd2 O-O 12.Ne2 a6 13.Ba4 b5 14.Bb3 Nf5 15.c3 
Rfc8 16.Ng3 Nd6 17.h4 Na5 18.h5 Nac4 19.Qe2 a5 20.hxg6 hxg6 21.Rae1 b4 22.
Be5 Nxe5 23.dxe5 Nc4 24.Bxc4 Rxc4 25.cxb4 axb4 26.b3 Rc3 27.Rd1 Qc7 28.Qb5
Rb8 29.Qa4 Bxe5 30.Ne2 Rc5 31.Rc1 Bc3 32.Qa6 Rc8 33.Rc2 Rc6 34.Qb5 Rb8 35.
Qd3 Bg7 36.Rfc1 Rxc2 37.Rxc2 Qb7 38.Kf1 Rc8 39.Ke1 Rc6 40.f3 Qc7 41.Rxc6 
Qxc6 42.f4 Qc5 43.Kf1 Bf6 44.g3 Bd8 45.Ke1 Bb6 46.Kd1 Kg7 47.g4 Bc7 48.Qf3
Bd8 49.Qd3 Be7 50.Qd4+ Qxd4+ 51.Nxd4 Bd6 52.Nc2 Kf6 53.Ke2 g5 54.fxg5+ 
Kxg5 0-1

[Event "interzonal (w)"]
[Site "Tbilisi URS"]
[Date "1976.??.??"]
[Round "4"]
[White "Kozlovskaya, Valentina"]
[Black "Fatalibekova, Elena"]
[Result "0-1"]
[WhiteElo "2295"]
[BlackElo "2285"]
[EventDate "1976.12.??"]
[PlyCount "112"]

1.Nf3 c5 2.c4 Nf6 3.Nc3 Nc6 4.d4 cxd4 5.Nxd4 e6 6.g3 Qb6 7.Nc2 Bc5 8.e3 
O-O 9.Bg2 d5 10.cxd5 Nxd5 11.Nxd5 exd5 12.O-O Bf5 13.a3 a5 14.Ne1 d4 15.e4
Be6 16.Nd3 f6 17.Bf4 a4 18.Rc1 Be7 19.Re1 g5 20.Bd2 Ne5 21.Nb4 Bb3 22.Nd5 
Qe6 23.Qh5 Bd6 24.f4 gxf4 25.Bxf4 Qf7 26.Qf5 d3 27.Rf1 Nc4 28.Bh6 d2 29.
Rxc4 Bxc4 30.Rd1 Bxd5 31.exd5 Rfe8 32.Bxd2 Qg6 33.Bh3 Qxf5 34.Bxf5 Bc5+ 
35.Kf1 Bd4 36.Bc3 Bxc3 37.bxc3 Re3 38.c4 Rxa3 39.d6 Rd8 40.Be6+ Kf8 41.Rd5
Rc3 42.c5 a3 43.Rf5 Kg7 44.Kg2 Rc2+ 45.Kh3 a2 46.Rf1 Rxc5 47.Bxa2 Rxd6 48.
Rf2 b5 49.Rb2 Rd4 50.Bb1 Rh5+ 51.Kg2 Rhd5 52.Kh3 Rd2 53.Rb3 Re5 54.Rc3 f5 
55.Rc7+ Kf6 56.Rc6+ Kg5 0-1

[Event "interzonal (w)"]
[Site "Tbilisi URS"]
[Date "1976.??.??"]
[Round "5"]
[White "Fatalibekova, Elena"]
[Black "Kellner, Narelle"]
[Result "1-0"]
[WhiteElo "2285"]
[BlackElo "2000"]
[EventDate "1976.12.??"]
[PlyCount "31"]

1.e4 e6 2.d4 d5 3.Nc3 Be7 4.e5 c5 5.Qg4 g6 6.dxc5 Nc6 7.Nf3 h5 8.Qf4 Nh6 
9.Bd2 Nf5 10.Bd3 Nh4 11.Nxh4 Bxh4 12.Nb5 O-O 13.O-O-O Be7 14.Rhe1 Bxc5 15.
Qh6 Qe8 16.Nc7 1-0

[Event "interzonal (w)"]
[Site "Tbilisi URS"]
[Date "1976.??.??"]
[Round "5"]
[White "Ivanka, Maria"]
[Black "Hofmann, Brigitte"]
[Result "1-0"]
[WhiteElo "2320"]
[BlackElo "2000"]
[EventDate "1976.12.??"]
[PlyCount "37"]

1.b3 c5 2.Bb2 Nc6 3.Nf3 d5 4.d4 cxd4 5.Nxd4 Nxd4 6.Qxd4 Nf6 7.Nc3 e6 8.e3 
Be7 9.Be2 O-O 10.O-O Bd7 11.e4 dxe4 12.Nxe4 Qc7 13.Bd3 Rfd8 14.Qe3 Ng4 15.
Qh3 e5 16.Qg3 f5 17.Bc4+ Kh8 18.h3 Nh6 19.Bxe5 1-0

[Event "interzonal (w)"]
[Site "Tbilisi URS"]
[Date "1976.??.??"]
[Round "5"]
[White "Litinskaya, Marta"]
[Black "Baumstark, Gertrude"]
[Result "1/2-1/2"]
[WhiteElo "2290"]
[BlackElo "2210"]
[EventDate "1976.12.??"]
[PlyCount "79"]

1.Nf3 c5 2.c4 g6 3.d4 cxd4 4.Nxd4 Bg7 5.Nc3 Nc6 6.Nc2 Bxc3+ 7.bxc3 Qa5 8.
Qd3 Nf6 9.Bd2 d5 10.cxd5 Qxd5 11.Qxd5 Nxd5 12.e4 Nb6 13.Ne3 Be6 14.c4 Ne5 
15.Rc1 Rc8 16.c5 Nbd7 17.f4 Nc6 18.Rc2 Nd4 19.Rb2 Nxc5 20.Bc3 Nd3+ 21.Bxd3
Rxc3 22.Kd2 Rc7 23.f5 gxf5 24.exf5 Bc8 25.Rb4 Nc6 26.Re4 O-O 27.f6 Rd7 28.
Kc3 exf6 29.Rh4 Ne7 30.Bc2 Nd5+ 31.Nxd5 Rxd5 32.Rf1 Be6 33.Rf2 Rc8+ 34.Kb2
Rb5+ 35.Bb3 Rc4 36.Rxc4 Bxc4 37.Kc3 Bxb3 38.axb3 f5 39.Kc4 a6 40.Rd2 
1/2-1/2

[Event "interzonal (w)"]
[Site "Tbilisi URS"]
[Date "1976.??.??"]
[Round "5"]
[White "Savereide, Diane"]
[Black "Vujosevic, Smilja"]
[Result "1-0"]
[WhiteElo "2165"]
[BlackElo "2120"]
[EventDate "1976.12.??"]
[PlyCount "80"]

1.e4 d6 2.d4 Nf6 3.Nc3 g6 4.f4 Bg7 5.Nf3 O-O 6.Bd3 Nbd7 7.O-O c5 8.e5 Ne8 
9.exd6 Nxd6 10.Be3 c4 11.Be2 b5 12.Ne5 Qc7 13.Nd5 Qb7 14.Bf3 Nxe5 15.Nf6+ 
exf6 16.Bxb7 Bxb7 17.dxe5 Nf5 18.Bf2 fxe5 19.fxe5 Rad8 20.Qe1 a6 21.Rd1 
Rde8 22.Rd7 Rxe5 23.Qd2 Ba8 24.Re1 Rxe1+ 25.Qxe1 Bc6 26.Rc7 Bd5 27.Qd2 Be6
28.Ra7 Bh6 29.Qa5 Ne3 30.Qxa6 Ng4 31.Ra8 Nxf2 32.Kxf2 Rxa8 33.Qxa8+ Bf8 
34.Qb8 b4 35.a4 bxa3 36.bxa3 Kg7 37.Qe5+ Kg8 38.a4 h5 39.a5 Bg7 40.Qd6 Bf8
1-0

[Event "interzonal (w)"]
[Site "Tbilisi URS"]
[Date "1976.??.??"]
[Round "5"]
[White "Zatulovskaya, Tatiana"]
[Black "Feustel, Petra"]
[Result "0-1"]
[WhiteElo "2240"]
[BlackElo "2105"]
[EventDate "1976.12.??"]
[PlyCount "89"]

1.e4 e6 2.d4 d5 3.Nd2 c5 4.Ngf3 Nc6 5.Bb5 a6 6.Bxc6+ bxc6 7.O-O Nf6 8.e5 
Nd7 9.c3 Be7 10.Re1 O-O 11.Nf1 cxd4 12.cxd4 c5 13.dxc5 Nxc5 14.Nd4 Bd7 15.
Ng3 Qb6 16.Nh5 f5 17.exf6 Bxf6 18.Nxf6+ Rxf6 19.Be3 Qd6 20.Rc1 e5 21.Nf5 
Rxf5 22.Bxc5 Qe6 23.Rc3 Qf7 24.Rce3 Re8 25.f3 d4 26.R3e2 Bb5 27.Re4 Bc6 
28.R4e2 d3 29.Rd2 e4 30.b4 exf3 31.Rxe8+ Bxe8 32.Qb3 Qxb3 33.axb3 Bb5 34.
g4 Rf4 35.Kf2 Rxg4 36.Kxf3 Rg6 37.Ke3 Re6+ 38.Kd4 Kf7 39.Rf2+ Kg6 40.Kc3 
Re2 41.Rxe2 dxe2 42.Kd2 Kf5 43.Ke1 g5 44.Kf2 h5 45.Bd6 0-1

[Event "interzonal (w)"]
[Site "Tbilisi URS"]
[Date "1976.??.??"]
[Round "6"]
[White "Hofmann, Brigitte"]
[Black "Litinskaya, Marta"]
[Result "1-0"]
[WhiteElo "2000"]
[BlackElo "2290"]
[EventDate "1976.12.??"]
[PlyCount "65"]

1.e4 e5 2.Nf3 Nc6 3.Bb5 Nf6 4.O-O Nxe4 5.d4 Nd6 6.Bxc6 dxc6 7.dxe5 Nf5 8.
Qxd8+ Kxd8 9.Nc3 Ke8 10.h3 h6 11.b3 Be6 12.g4 Ne7 13.Nd4 Bc8 14.Kg2 c5 15.
Ndb5 Kd7 16.Bf4 Ng6 17.Bg3 a6 18.e6+ fxe6 19.Nxc7 Ra7 20.Rfe1 b5 21.Nxe6 
Bb7+ 22.f3 Be7 23.Rad1+ Kc8 24.Nd5 Bc6 25.Nxg7 Nh4+ 26.Kf2 Bxd5 27.Rxd5 
Rf8 28.f4 Rf7 29.Ne6 a5 30.f5 a4 31.b4 cxb4 32.Rxb5 Bf6 33.Rd1 1-0

[Event "interzonal (w)"]
[Site "Tbilisi URS"]
[Date "1976.??.??"]
[Round "6"]
[White "Feustel, Petra"]
[Black "Fatalibekova, Elena"]
[Result "1/2-1/2"]
[WhiteElo "2105"]
[BlackElo "2285"]
[EventDate "1976.12.??"]
[PlyCount "70"]

1.e4 c5 2.Nf3 Nc6 3.d4 cxd4 4.Nxd4 Nf6 5.Nc3 e5 6.Ndb5 d6 7.Bg5 a6 8.Na3 
b5 9.Bxf6 gxf6 10.Nd5 f5 11.exf5 Bxf5 12.c3 Bg7 13.Nc2 Be6 14.Nce3 Ne7 15.
Be2 Nxd5 16.Nxd5 O-O 17.O-O Rb8 18.Qd2 a5 19.Rfd1 f5 20.a4 bxa4 21.Rxa4 
Kh8 22.b4 axb4 23.Rxb4 e4 24.Rxb8 Qxb8 25.c4 Qb3 26.Nf4 Bxc4 27.Bxc4 Qxc4 
28.Qxd6 Qf7 29.Ne6 Re8 30.Ng5 Qh5 31.Qd7 Rf8 32.Ne6 Rg8 33.Nxg7 Qg4 34.h3 
Qxg7 35.Qxg7+ Kxg7 1/2-1/2

[Event "interzonal (w)"]
[Site "Tbilisi URS"]
[Date "1976.??.??"]
[Round "6"]
[White "Savereide, Diane"]
[Black "Ivanka, Maria"]
[Result "0-1"]
[WhiteElo "2165"]
[BlackElo "2320"]
[EventDate "1976.12.??"]
[PlyCount "78"]

1.e4 c6 2.d4 d5 3.exd5 cxd5 4.Bd3 Nc6 5.c3 Nf6 6.Bf4 g6 7.Nf3 Bg7 8.Nbd2 
Nh5 9.Be3 O-O 10.O-O f5 11.Nb3 Qd6 12.Bb5 f4 13.Bd2 Bg4 14.h3 Bxf3 15.Qxf3
Kh8 16.Nc5 Ne5 17.dxe5 Qxc5 18.Bd7 Bxe5 19.Be6 Rad8 20.Rae1 Qd6 21.Bg4 Ng7
22.Qe2 Bf6 23.Be6 Nxe6 24.Qxe6 Qxe6 25.Rxe6 g5 26.Rfe1 Kg8 27.c4 dxc4 28.
Bb4 Rfe8 29.Bxe7 Bxe7 30.Rxe7 Rxe7 31.Rxe7 Rd1+ 32.Kh2 Rb1 33.Re2 Kf7 34.
g4 Ra1 35.b3 cxb3 36.axb3 Rb1 37.Ra2 a6 38.Ra5 Rxb3 39.Rxg5 Rb5 0-1

[Event "interzonal (w)"]
[Site "Tbilisi URS"]
[Date "1976.??.??"]
[Round "7"]
[White "Fatalibekova, Elena"]
[Black "Baumstark, Gertrude"]
[Result "1-0"]
[WhiteElo "2285"]
[BlackElo "2210"]
[EventDate "1976.12.??"]
[PlyCount "35"]

1.e4 c5 2.Nf3 d6 3.d4 Nf6 4.Nc3 cxd4 5.Nxd4 e6 6.Bc4 a6 7.Bb3 b5 8.O-O Be7
9.f4 O-O 10.e5 dxe5 11.fxe5 Nfd7 12.Qh5 Nc6 13.Nxc6 Qb6+ 14.Be3 Qxc6 15.
Rf3 Bb7 16.Rg3 g6 17.Qh6 Nxe5 18.Bd5 1-0

[Event "interzonal (w)"]
[Site "Tbilisi URS"]
[Date "1976.??.??"]
[Round "7"]
[White "Kozlovskaya, Valentina"]
[Black "Kellner, Narelle"]
[Result "1-0"]
[WhiteElo "2295"]
[BlackElo "2000"]
[EventDate "1976.12.??"]
[PlyCount "81"]

1.d4 Nf6 2.Nf3 d5 3.e3 Bf5 4.Bd3 Bxd3 5.Qxd3 c6 6.O-O e6 7.Nbd2 Be7 8.e4 
dxe4 9.Nxe4 Nbd7 10.Ng3 O-O 11.c4 Qc7 12.Bd2 Rad8 13.Rfe1 Rfe8 14.Qc2 c5 
15.Bc3 cxd4 16.Bxd4 Bc5 17.Rad1 Bxd4 18.Nxd4 Nf8 19.Nb5 Qa5 20.a3 a6 21.b4
Qb6 22.Nc3 Qc7 23.Nce4 Nxe4 24.Nxe4 Rxd1 25.Rxd1 Rd8 26.c5 Rd5 27.Rxd5 
exd5 28.Nd6 Qe7 29.g3 Ne6 30.Qf5 d4 31.Qe4 Qd7 32.Qxb7 Qxb7 33.Nxb7 d3 34.
Kf1 Nd4 35.Ke1 Nc2+ 36.Kd2 Nxa3 37.Kxd3 Kf8 38.Nd6 Ke7 39.Kc3 Nb1+ 40.Kc2 
Na3+ 41.Kb2 1-0

[Event "interzonal (w)"]
[Site "Tbilisi URS"]
[Date "1976.??.??"]
[Round "7"]
[White "Litinskaya, Marta"]
[Black "Savereide, Diane"]
[Result "1-0"]
[WhiteElo "2290"]
[BlackElo "2165"]
[EventDate "1976.12.??"]
[PlyCount "61"]

1.c4 g6 2.d4 Bg7 3.Nc3 d6 4.e4 Nc6 5.Be3 e5 6.d5 Nce7 7.c5 Nf6 8.cxd6 cxd6
9.Bb5+ Nd7 10.Nf3 O-O 11.O-O h6 12.Nd2 f5 13.f3 f4 14.Bf2 g5 15.Be2 Rf6 
16.Rc1 Ng6 17.Nb5 Nh4 18.Nc7 Rb8 19.Bxa7 Rg6 20.Ne6 Qe8 21.Qc2 Nc5 22.Nxg7
Rxg7 23.Bxb8 g4 24.fxg4 Bxg4 25.Bxg4 Rxg4 26.Rf2 Qxb8 27.b4 Na6 28.Qc8+ 
Qxc8 29.Rxc8+ Kf7 30.a3 Ke7 31.Rh8 1-0

[Event "interzonal (w)"]
[Site "Tbilisi URS"]
[Date "1976.??.??"]
[Round "8"]
[White "Hofmann, Brigitte"]
[Black "Fatalibekova, Elena"]
[Result "1/2-1/2"]
[WhiteElo "2000"]
[BlackElo "2285"]
[EventDate "1976.12.??"]
[PlyCount "82"]

1.e4 e5 2.Nf3 Nc6 3.Bb5 g6 4.d4 exd4 5.Nxd4 Bg7 6.Nxc6 bxc6 7.Bc4 Ne7 8.
O-O O-O 9.Nc3 d6 10.Be3 Be6 11.Bb3 c5 12.Qe2 Nc6 13.Rad1 Nd4 14.Bxd4 cxd4 
15.Nd5 c6 16.Nf4 Bd7 17.Rfe1 a5 18.a4 Rb8 19.Nd3 Re8 20.Qf3 Be6 21.Bxe6 
Rxe6 22.b3 Qg5 23.Qg3 Qxg3 24.hxg3 Rbe8 25.f3 Bh6 26.Kf1 Be3 27.c3 g5 28.
cxd4 Bxd4 29.Nc1 Bc5 30.Re2 Rb8 31.Rb2 g4 32.Nd3 Rh6 33.Nf2 Bxf2 34.Kxf2 
Rb4 35.Rd3 Kf8 36.Rc3 Rb6 37.Rb1 Rf6 38.e5 dxe5 39.Rc5 Rd6 40.Rxe5 Rd2+ 
41.Re2 Rd4 1/2-1/2

[Event "interzonal (w)"]
[Site "Tbilisi URS"]
[Date "1976.??.??"]
[Round "8"]
[White "Feustel, Petra"]
[Black "Kozlovskaya, Valentina"]
[Result "1/2-1/2"]
[WhiteElo "2105"]
[BlackElo "2295"]
[EventDate "1976.12.??"]
[PlyCount "86"]

1.e4 c5 2.Nf3 Nc6 3.d4 cxd4 4.Nxd4 Nf6 5.Nc3 d6 6.f4 e6 7.Be3 Be7 8.Be2 
O-O 9.O-O e5 10.Nb3 a5 11.a4 Nb4 12.Rc1 Be6 13.fxe5 dxe5 14.Qxd8 Bxd8 15.
Nc5 Bb6 16.Bf2 Bg4 17.Bb5 Bc8 18.Kh1 Ba7 19.Bg1 h6 20.Rfd1 Bg4 21.Rd2 Bxc5
22.Bxc5 Rfc8 23.Bb6 Kh7 24.Re1 Be6 25.Kg1 Bc4 26.Bxc4 Rxc4 27.Bf2 Re8 28.
Bh4 Nh5 29.Rf1 Rd4 30.Rfd1 Nc6 31.Bf2 Rxd2 32.Rxd2 Nf6 33.Bb6 Re6 34.h3 g5
35.Kf2 Kg6 36.Ke3 g4 37.Nd5 h5 38.Nc7 Re7 39.Nd5 Re6 40.Nxf6 Rxf6 41.hxg4 
hxg4 42.Rf2 Rd6 43.Rd2 Rf6 1/2-1/2